Fortran 90 programming

Bibliographic Details
Main Author: Ellis, T.M.R
Format: Book
Published: New York : Addison-Wesley , 1994
Subjects:

MARC

LEADER 00000cam a2200000 7i4500
001 0000006804
002 000007330
005 20000330.0
020 |a 0201544466 
090 0 0 |a 005.133   |b ELL 
100 1 |a Ellis, T.M.R 
245 1 0 |a Fortran 90 programming   |c T.M.R Ellis,Ivor R.Phillips and Thomas M.Lahey 
260 |a New York :   |b Addison-Wesley ,   |c 1994 
300 |a 825p. ;   |c 23cm. 
650 0 0 |a FORTRAN 90 (Computer program language) 
999 |a 040726   |b BUKU   |c RUJUKAN   |e PERPUSTAKAAN KOMUNITI PETALING JAYA